Applicable Law in Investor-State Arbitration (Record no. 60708)

MARC details
000 -LEADER
fixed length control field 02487nam a2200241Ii 4500
008 - FIXED-LENGTH DATA ELEMENTS--GENERAL INFORMATION
fixed length control field 221202s xx 000 0 und d
100 1# - MAIN ENTRY--PERSONAL NAME
Personal name Elisabeth Kjos, Hege,
Relator term author
245 #0 - TITLE STATEMENT
Title Applicable Law in Investor-State Arbitration
264 ## - PRODUCTION, PUBLICATION, DISTRIBUTION, MANUFACTURE, AND COPYRIGHT NOTICE
Name of producer, publisher, distributor, manufacturer Oxford University Press
Date of production, publication, distribution, manufacture, or copyright notice 2013
300 ## - PHYSICAL DESCRIPTION
Extent 1 online resource (343 pages)
336 ## - CONTENT TYPE
Content type term text
Content type code txt
Source rdacontent
337 ## - MEDIA TYPE
Media type term computer
Media type code c
Source rdamedia
338 ## - CARRIER TYPE
Carrier type term online resource
Carrier type code cr
Source rdacarrier
490 ## - SERIES STATEMENT
Series statement Oxford monographs in international law
520 ## - SUMMARY, ETC.
Summary, etc. This book examines the law, national and/or international, that arbitral tribunals apply on the merits to settle disputes between foreign investors and host states. In light of the freedom that the disputing parties and the arbitrators have when designating the applicable law, and because of the hybrid nature of legal relationship between investors and states, there is significant interplay between the national and the international legal order in investor-state arbitration. The book contains a comprehensive analysis of the relevant jurisprudence, legal instruments, and scholarship surrounding arbitral practice with respect to the application of national law and international law. It investigates the awards in which tribunals referred to consistency between the legal orders, and suggests alternatives to the traditional doctrines of monism and dualism to explain the relationship between the national and the international legal order. The book also addresses the territorialized or internationalized nature of the tribunals; relevant choice-of-law rules and methodologies; and the scope of the arbitration agreement, including the possibility of host states presenting counterclaims in investment treaty arbitration. Ultimately, it argues that in investor:state arbitration, national and international law do not only coexist but may be applied simultaneously; they are also interdependent, each complementing and informing the other both indirectly and directly for a larger common good: enforcement of rights and obligations regardless of their national or international origin.
653 ## - INDEX TERM--UNCONTROLLED
Uncontrolled term Choice-Of-Law Rules
653 ## - INDEX TERM--UNCONTROLLED
Uncontrolled term Foreign Investors
653 ## - INDEX TERM--UNCONTROLLED
Uncontrolled term Host States
653 ## - INDEX TERM--UNCONTROLLED
Uncontrolled term International Law
653 ## - INDEX TERM--UNCONTROLLED
Uncontrolled term Investor-State Arbitration
856 ## - ELECTRONIC LOCATION AND ACCESS
Uniform Resource Identifier <a href="https://library.oapen.org/bitstream/20.500.12657/33860/1/453473.pdfhttp://ukcatalogue.oup.com/product/9780199656950.do#.UhxwHawwr_khttp://library.oapen.org/handle/20.500.12657/33860">https://library.oapen.org/bitstream/20.500.12657/33860/1/453473.pdfhttp://ukcatalogue.oup.com/product/9780199656950.do#.UhxwHawwr_khttp://library.oapen.org/handle/20.500.12657/33860</a>
942 ## - ADDED ENTRY ELEMENTS (KOHA)
Koha item type E-Book
Holdings
Withdrawn status Damaged status Not for loan Home library Current library Date acquired Total Checkouts Date last seen Price effective from Koha item type
      Directory of Open Access Books Directory of Open Access Books 11/28/2022   11/28/2022 11/28/2022 E-Book

University of Rizal System
Email us at univlibservices@urs.edu.ph

Visit our Website www.urs.edu.ph/library